| 000 | 00428nam a22001577a 4500 | ||
|---|---|---|---|
| 005 | 20150427130325.0 | ||
| 008 | 150427b xxu||||| |||| 00| 0 eng d | ||
| 020 | _a0701120592 | ||
| 040 | _cPK-LaUMT | ||
| 082 |
_aKHC 954.9205 _bJAC-S |
||
| 100 | _aJackson, Robert | ||
| 245 |
_aSouth Asian crisis _bIndia, Pakistan , Bangladesh _cRobert Jackson |
||
| 260 |
_aLondon _bChatto & Windus _c1975 |
||
| 300 | _a240 p. | ||
| 942 | _cBK | ||
| 999 |
_c70465 _d70465 |
||